[Event "VIE-chT"]
[Site "Ho Chi Minh City"]
[Date "2015.07.22"]
[Round "7.19"]
[White "Ton That Nhu, Tung"]
[Black "Le, Thi Nhu Quynh"]
[Result "1-0"]
[WhiteElo "2193"]
[BlackElo "1784"]
[PlyCount "77"]
[EventDate "2015.07.16"]
[EventType "team-swiss"]
[EventRounds "9"]
[EventCountry "VIE"]
[SourceTitle "EXT 2016"]
[Source "ChessBase"]
[SourceDate "2015.10.08"]
[SourceVersion "1"]
[SourceVersionDate "2015.10.08"]
[SourceQuality "1"]

1. d4 d5 2. c4 e6 3. Nc3 c6 4. e3 Nf6 5. Nf3 Be7 6. Bd3 dxc4 7. Bxc4 b5 8. Bd3 Bb7 9. e4 a6 10. e5 Nd5 11. Ne4 h6 12. Bd2 Nd7 13. Rc1 Rc8 14. Nc5 Qc7 15. Qe2 g5 16. h3 Nxc5 17. dxc5 Kd7 18. b4 Rcg8 19. Nd4 h5 20. g3 Kc8 21. 0-0 Qd7 22. Nb3 Qd8 23. a4 g4 24. h4 Bxh4 25. axb5 cxb5 26. c6 Ba8 27. Ra1 Nc7 28. Be4 Be7 29. Be3 f5 30. Bg2 h4 31. Rfd1 Qe8 32. Rd7 h3 33. Rxa6 hxg2 34. Rxa8+ Nxa8 35. Qxb5 Qxd7 36. cxd7+ Kc7 37. Nd4 Rg6 38. Qc6+ Kb8 39. Nb5 1-0

[Event "VIE-ch Resolution 7th"]
[Site "Bac Giang"]
[Date "2014.12.06"]
[Round "2"]
[White "Nguyen, Anh Dung"]
[Black "Ton That Nhu, Tung"]
[Result "1-0"]
[WhiteElo "2461"]
[BlackElo "2193"]
[PlyCount "69"]
[EventDate "2014.12.05"]
[EventType "swiss"]
[EventRounds "9"]
[EventCountry "VIE"]
[SourceTitle "EXT 2016"]
[Source "ChessBase"]
[SourceDate "2015.10.08"]
[SourceVersion "1"]
[SourceVersionDate "2015.10.08"]
[SourceQuality "1"]

1. d4 d5 2. c4 c6 3. Nf3 Nf6 4. Qc2 dxc4 5. Qxc4 Bf5 6. g3 e6 7. Bg2 Be7 8. 0-0 0-0 9. Nc3 Ne4 10. Rd1 Nd7 11. Bf4 h6 12. Nd2 Nd6 13. Qb3 Qb6 14. Na4 Qxb3 15. Nxb3 g5 16. Bxd6 Bxd6 17. Nac5 Nxc5 18. Nxc5 Bxc5 19. dxc5 Rfd8 20. f4 Bc2 21. Rxd8+ Rxd8 22. Kf2 gxf4 23. gxf4 Rd4 24. Ke3 Rb4 25. b3 Kf8 26. Kd2 Bg6 27. e3 e5 28. Kc3 a5 29. a3 Rb5 30. b4 exf4 31. exf4 axb4+ 32. axb4 Bd3 33. Rd1 Be2 34. Rd2 Bg4 35. Bf1 1-0

[Event "VIE-ch"]
[Site "Hanoi"]
[Date "2014.10.20"]
[Round "4"]
[White "Ton That Nhu, Tung"]
[Black "Bao, Khoa"]
[Result "1/2-1/2"]
[WhiteElo "2193"]
[BlackElo "2237"]
[PlyCount "78"]
[EventDate "2014.10.18"]
[EventType "swiss"]
[EventRounds "9"]
[EventCountry "VIE"]
[SourceTitle "EXT 2015"]
[Source "ChessBase"]
[SourceDate "2014.11.20"]
[SourceVersion "1"]
[SourceVersionDate "2014.11.20"]
[SourceQuality "1"]

1. d4 Nf6 2. c4 e6 3. g3 c5 4. d5 exd5 5. cxd5 g6 6. Nc3 Bg7 7. Bg2 0-0 8. Nf3 d6 9. 0-0 Re8 10. Nd2 b6 11. a4 Na6 12. Nc4 Nb4 13. Nb5 Bf8 14. Bg5 Ba6 15. b3 Bxb5 16. axb5 h6 17. Bc1 a6 18. bxa6 Rxa6 19. Rxa6 Nxa6 20. Bb2 Bg7 21. Qd2 b5 22. Na5 Ne4 23. Bxe4 Bxb2 24. Bd3 Qb6 25. Nc6 Bg7 26. Qf4 Bf8 27. Ra1 Nc7 28. Ra7 Ra8 29. Rxa8 Nxa8 30. Qf6 Qb7 31. e4 Nb6 32. Nd8 Qc7 33. Nc6 c4 34. bxc4 bxc4 35. Bc2 Nc8 36. Qd4 Nb6 37. Qf6 Nc8 38. Qd4 Nb6 39. Qf6 Nc8 1/2-1/2

[Event "VIE-ch"]
[Site "Hanoi"]
[Date "2014.10.19"]
[Round "3"]
[White "Duong, Thuong Cong"]
[Black "Ton That Nhu, Tung"]
[Result "1/2-1/2"]
[WhiteElo "2043"]
[BlackElo "2193"]
[PlyCount "98"]
[EventDate "2014.10.18"]
[EventType "swiss"]
[EventRounds "9"]
[EventCountry "VIE"]
[SourceTitle "EXT 2015"]
[Source "ChessBase"]
[SourceDate "2014.11.20"]
[SourceVersion "1"]
[SourceVersionDate "2014.11.20"]
[SourceQuality "1"]

1. e4 c5 2. Nf3 Nc6 3. c3 e6 4. Be2 d5 5. exd5 exd5 6. d4 Bd6 7. Be3 cxd4 8. Nxd4 Nge7 9. Nd2 0-0 10. N2f3 Bg4 11. 0-0 Rc8 12. Qa4 Bd7 13. Nxc6 bxc6 14. b4 c5 15. Qa6 Qb6 16. bxc5 Bxc5 17. Rab1 Qd6 18. Qxd6 Bxd6 19. Rb7 Be6 20. Nd4 Nc6 21. f4 Nd8 22. Rb3 Bd7 23. Bb5 Rc7 24. Bxd7 Rxd7 25. Nf5 Re8 26. Bxa7 Bxf4 27. Rxf4 Rxa7 28. Nd6 Re6 29. Nf5 g6 30. Rb8 Re8 31. Nd6 Rf8 32. a4 Ne6 33. Rxf8+ Kxf8 34. Rf1 f5 35. Ra1 Nc5 36. a5 Nb3 37. Ra3 Nxa5 38. Nb5 Ra6 39. Nc7 Rc6 40. Nxd5 Rc5 41. Nf4 Ke7 42. Kf2 g5 43. Nd3 Rd5 44. Ke2 h5 45. Nb4 Re5+ 46. Kd3 Kd6 47. Ra2 f4 48. Nc2 Rd5+ 49. Nd4 Re5 1/2-1/2

[Event "VIE-ch"]
[Site "Hanoi"]
[Date "2014.10.18"]
[Round "1"]
[White "Cao, Sang"]
[Black "Ton That Nhu, Tung"]
[Result "1-0"]
[WhiteElo "2480"]
[BlackElo "2193"]
[PlyCount "65"]
[EventDate "2014.10.18"]
[EventType "swiss"]
[EventRounds "9"]
[EventCountry "VIE"]
[SourceTitle "EXT 2015"]
[Source "ChessBase"]
[SourceDate "2014.11.20"]
[SourceVersion "1"]
[SourceVersionDate "2014.11.20"]
[SourceQuality "1"]

1. e4 c5 2. Nf3 Nc6 3. Bb5 e6 4. Bxc6 bxc6 5. d3 Ne7 6. h4 Qc7 7. Qe2 e5 8. h5 d6 9. Nbd2 Bg4 10. Nc4 g6 11. Ne3 Qc8 12. Nxg4 Qxg4 13. Bg5 Qe6 14. hxg6 Nxg6 15. g3 Be7 16. Bxe7 Nxe7 17. b3 f6 18. Rh6 Ng6 19. Nd2 Qf7 20. 0-0-0 Rg8 21. Rdh1 Nf8 22. Nc4 0-0-0 23. Qf3 Rg6 24. Ne3 Qg7 25. R6h5 Rd7 26. Nf5 Qg8 27. Nh4 Rgg7 28. Qxf6 Rgf7 29. Qh6 Rxf2 30. Nf5 Rg2 31. Rg5 Ng6 32. Qh3 Rf2 33. Rxg6 1-0

[Event "VIE-ch"]
[Site "Da Lat"]
[Date "2014.03.31"]
[Round "8"]
[White "Ton That Nhu, Tung"]
[Black "Hoang, Van Ngoc"]
[Result "1/2-1/2"]
[WhiteElo "2235"]
[BlackElo "2242"]
[PlyCount "106"]
[EventDate "2014.03.26"]
[EventType "swiss"]
[EventRounds "11"]
[EventCountry "VIE"]
[SourceTitle "CBM 159 Extra"]
[Source "ChessBase"]
[SourceDate "2014.04.24"]
[SourceVersion "1"]
[SourceVersionDate "2014.04.24"]
[SourceQuality "1"]

1. d4 Nf6 2. c4 g6 3. Nc3 Bg7 4. e4 d6 5. Nf3 0-0 6. Be2 e5 7. 0-0 Nc6 8. d5 Ne7 9. b4 Nh5 10. c5 f5 11. Bc4 fxe4 12. Ng5 Nf4 13. Ngxe4 Nf5 14. g3 Nh5 15. Bg5 Nf6 16. g4 Ne7 17. h3 Nxe4 18. Nxe4 h6 19. Be3 Kh7 20. Rc1 Ng8 21. Kg2 Nf6 22. Qd3 Qe7 23. f3 Nxe4 24. Qxe4 Bf6 25. Bd3 Rg8 26. h4 Bxh4 27. Rh1 Bf5 28. Qc4 Bxd3 29. Qxd3 Bg5 30. Qd2 Kg7 31. Bxg5 hxg5 32. cxd6 cxd6 33. Rc4 Rac8 34. Rhc1 Rxc4 35. Rxc4 Rf8 36. Qc1 Qf6 37. Rc7+ Rf7 38. Rxf7+ Kxf7 39. Qc8 Qe7 40. Kf2 Kg7 41. a4 Qf7 42. Qc4 Qd7 43. a5 Kf6 44. b5 Qd8 45. Qc3 Ke7 46. Kg2 Kd7 47. a6 Qc7 48. Qd3 bxa6 49. bxa6 Qa5 50. Qxg6 Qxa6 51. Qf7+ Kc8 52. Qe8+ Kc7 53. Qe7+ Kc8 1/2-1/2

[Event "VIE-ch"]
[Site "Da Lat"]
[Date "2014.03.29"]
[Round "5"]
[White "Nguyen, Van Hai"]
[Black "Ton That Nhu, Tung"]
[Result "1/2-1/2"]
[WhiteElo "2341"]
[BlackElo "2235"]
[PlyCount "96"]
[EventDate "2014.03.26"]
[EventType "swiss"]
[EventRounds "11"]
[EventCountry "VIE"]
[SourceTitle "CBM 159 Extra"]
[Source "ChessBase"]
[SourceDate "2014.04.24"]
[SourceVersion "1"]
[SourceVersionDate "2014.04.24"]
[SourceQuality "1"]

1. e4 c5 2. Nf3 Nc6 3. Bb5 e6 4. Bxc6 bxc6 5. 0-0 Ne7 6. Re1 Ng6 7. d3 Be7 8. Nc3 0-0 9. Ne2 Qc7 10. Ng3 d5 11. b3 f6 12. h3 Bd6 13. Nf1 Bd7 14. Ba3 f5 15. e5 Nxe5 16. Nxe5 Bxe5 17. Bxc5 Bc3 18. d4 Rf6 19. Re5 Bxa1 20. Qxa1 f4 21. Nd2 Be8 22. Qc3 Bg6 23. Nf3 Re8 24. Re1 Be4 25. Ne5 Rc8 26. f3 Bf5 27. Kf2 Rh6 28. Ke2 a6 29. Kd2 Qd8 30. Re2 Qc7 31. a4 g5 32. Kc1 Rf6 33. Qb4 a5 34. Qb6 Qxb6 35. Bxb6 Ra8 36. Bc5 Rf7 37. Nxf7 Kxf7 38. Kb2 Ke8 39. Ka3 Kd7 40. Bb6 Ra6 41. Bc5 Ra8 42. b4 axb4+ 43. Bxb4 Kc7 44. a5 Rb8 45. Ka4 Rb5 46. Kb3 Kb7 47. Kc3 Ka6 48. Re1 Rb7 1/2-1/2

[Event "VIE-ch"]
[Site "Da Lat"]
[Date "2014.03.29"]
[Round "6"]
[White "Ton That Nhu, Tung"]
[Black "Le, Huu Thai"]
[Result "1/2-1/2"]
[WhiteElo "2235"]
[BlackElo "2027"]
[PlyCount "99"]
[EventDate "2014.03.26"]
[EventType "swiss"]
[EventRounds "11"]
[EventCountry "VIE"]
[SourceTitle "CBM 159 Extra"]
[Source "ChessBase"]
[SourceDate "2014.04.24"]
[SourceVersion "1"]
[SourceVersionDate "2014.04.24"]
[SourceQuality "1"]

1. d4 d5 2. c4 c6 3. Nc3 Nf6 4. Nf3 g6 5. cxd5 cxd5 6. g3 Bg7 7. Bg2 0-0 8. 0-0 b6 9. Bf4 Nc6 10. Rc1 Bb7 11. Ne5 a6 12. Na4 Rc8 13. Nxc6 Bxc6 14. Qb3 b5 15. Nc5 Qb6 16. Rc2 e6 17. Rfc1 Nh5 18. Be3 Rfe8 19. g4 Nf6 20. h3 Nd7 21. Qd3 Nxc5 22. Rxc5 Bf8 23. R5c2 Bd7 24. h4 Rc4 25. b3 Rxc2 26. Rxc2 b4 27. Bf4 Rc8 28. Rxc8 Bxc8 29. Be5 Bg7 30. Bxg7 Kxg7 31. Qe3 Qc7 32. h5 f6 33. g5 f5 34. f4 Kf7 35. Bf3 Bd7 36. Kf2 Bb5 37. Kg3 a5 38. hxg6+ hxg6 39. Qg1 Qc3 40. e3 Qd2 41. Qh1 Kg8 42. Qg1 Bd3 43. Qh1 Bb5 44. Qg1 Bd3 45. Qh1 Bb5 46. Qg1 Kg7 47. Qh1 Be8 48. Qg1 Bb5 49. Qh1 Kg8 50. Qg1 1/2-1/2

[Event "VIE-ch"]
[Site "Da Lat"]
[Date "2014.03.28"]
[Round "4"]
[White "Ton That Nhu, Tung"]
[Black "Le, Minh Tu"]
[Result "1-0"]
[WhiteElo "2235"]
[BlackElo "1663"]
[PlyCount "75"]
[EventDate "2014.03.26"]
[EventType "swiss"]
[EventRounds "11"]
[EventCountry "VIE"]
[SourceTitle "CBM 159 Extra"]
[Source "ChessBase"]
[SourceDate "2014.04.24"]
[SourceVersion "1"]
[SourceVersionDate "2014.04.24"]
[SourceQuality "1"]

1. d4 d5 2. c4 c6 3. Nc3 Nf6 4. Nf3 dxc4 5. a4 Bf5 6. e3 e6 7. Bxc4 Bb4 8. Qb3 a5 9. 0-0 0-0 10. Na2 c5 11. dxc5 Bxc5 12. Qxb7 Bb6 13. Nd2 Nbd7 14. Qf3 Ne5 15. Qd1 Qc7 16. Bb5 Rfd8 17. Qe2 Qc2 18. Nf3 Nxf3+ 19. gxf3 Qc5 20. Qc4 Qe5 21. Qh4 Bd3 22. Bxd3 Rxd3 23. Nc3 Rad8 24. Ra3 Bc5 25. Ra1 Bb4 26. Qg3 Bxc3 27. bxc3 Qxc3 28. Ba3 Nd5 29. Rfc1 Qb3 30. Rcb1 Qc2 31. Rb8 Nc3 32. Kg2 h6 33. Rc1 Qd2 34. Be7 Rxb8 35. Bf6 g5 36. Qxb8+ Kh7 37. Qh8+ Kg6 38. Qg7+ 1-0

[Event "VIE-ch"]
[Site "Da Lat"]
[Date "2014.03.27"]
[Round "3"]
[White "Dao, Thien Hai"]
[Black "Ton That Nhu, Tung"]
[Result "1-0"]
[WhiteElo "2508"]
[BlackElo "2235"]
[PlyCount "87"]
[EventDate "2014.03.26"]
[EventType "swiss"]
[EventRounds "11"]
[EventCountry "VIE"]
[SourceTitle "CBM 159 Extra"]
[Source "ChessBase"]
[SourceDate "2014.04.24"]
[SourceVersion "1"]
[SourceVersionDate "2014.04.24"]
[SourceQuality "1"]

1. d4 d5 2. c4 e6 3. Nc3 Nf6 4. cxd5 exd5 5. Bg5 Bb4 6. e3 0-0 7. Bd3 h6 8. Bh4 c5 9. dxc5 Bxc3+ 10. bxc3 Nbd7 11. Ne2 Qc7 12. 0-0 Qxc5 13. Rc1 Re8 14. Nd4 Ne4 15. c4 Ne5 16. Nb3 Qc6 17. cxd5 Qxd5 18. Bb1 Qxd1 19. Rfxd1 Nc6 20. f3 Nf6 21. Bxf6 gxf6 22. Be4 Be6 23. Nc5 f5 24. Nxe6 Rxe6 25. Bxc6 Rxc6 26. Rxc6 bxc6 27. Rd6 Rb8 28. Rxc6 Rb1+ 29. Kf2 Rb2+ 30. Kg3 Rxa2 31. Rxh6 Kg7 32. Rc6 a5 33. h4 a4 34. h5 f6 35. Rc5 Re2 36. Rxf5 Rxe3 37. Ra5 a3 38. Kf4 Rb3 39. g4 Rc3 40. Ke4 Kh6 41. f4 Rb3 42. Kf5 Rg3 43. Ra6 Kg7 44. Rxf6 1-0

[Event "Ho Chi Minh City HD Bank op 4th"]
[Site "Ho Chi Minh City"]
[Date "2014.03.15"]
[Round "9"]
[White "Ton That Nhu, Tung"]
[Black "Borsos, Bogdan"]
[Result "1/2-1/2"]
[WhiteElo "2235"]
[BlackElo "2271"]
[PlyCount "82"]
[EventDate "2014.03.10"]
[EventType "swiss"]
[EventRounds "9"]
[EventCountry "VIE"]
[SourceTitle "CBM 159 Extra"]
[Source "ChessBase"]
[SourceDate "2014.04.24"]
[SourceVersion "1"]
[SourceVersionDate "2014.04.24"]
[SourceQuality "1"]

1. d4 Nf6 2. c4 e6 3. g3 Bb4+ 4. Bd2 Qe7 5. Nf3 Nc6 6. a3 Bxd2+ 7. Qxd2 a5 8. Bg2 d6 9. Nc3 e5 10. 0-0 0-0 11. d5 Nb8 12. b4 axb4 13. axb4 Rxa1 14. Rxa1 Na6 15. Qb2 e4 16. Nd4 h5 17. Nc2 h4 18. Nd1 Re8 19. Qd4 Nh7 20. Ra3 h3 21. Bf1 Ng5 22. Re3 c5 23. dxc6 bxc6 24. Nc3 c5 25. bxc5 Nxc5 26. Nb5 Rd8 27. Nb4 Bb7 28. f4 Nge6 29. Qc3 Nc7 30. Nxc7 Qxc7 31. Bxh3 Qb6 32. Nc2 Ra8 33. Kf2 Qb1 34. Na3 Qh1 35. Bg2 Qxh2 36. Qc1 Nd3+ 37. exd3 exd3 38. Qh1 Qxh1 39. Bxh1 Bxh1 40. Rxd3 d5 41. cxd5 Bxd5 1/2-1/2

[Event "VIE-ch op"]
[Site "Ho Chi Minh City"]
[Date "2013.11.20"]
[Round "3"]
[White "Nguyen, Anh Khoi"]
[Black "Ton That Nhu, Tung"]
[Result "1/2-1/2"]
[WhiteElo "2102"]
[BlackElo "2242"]
[PlyCount "88"]
[EventDate "2013.11.19"]
[EventType "swiss"]
[EventRounds "9"]
[EventCountry "VIE"]
[SourceTitle "CBM 157 Extra"]
[Source "ChessBase"]
[SourceDate "2013.12.19"]
[SourceVersion "1"]
[SourceVersionDate "2013.12.19"]
[SourceQuality "1"]

1. Nf3 Nf6 2. g3 d5 3. Bg2 g6 4. 0-0 Bg7 5. c4 c6 6. cxd5 cxd5 7. d4 0-0 8. Nc3 Nc6 9. Ne5 Nxe5 10. dxe5 Ng4 11. Qxd5 Nxe5 12. Rd1 Qxd5 13. Nxd5 Nc6 14. Bg5 f6 15. Be3 Rb8 16. Bc5 Kf7 17. Nc7 g5 18. Bd5+ Kg6 19. Nb5 a6 20. Na7 f5 21. Nxc6 bxc6 22. Bxc6 Kf7 23. Rab1 Rxb2 24. Rxb2 Bxb2 25. Bd5+ Kf6 26. Rb1 Rd8 27. Bc4 Bd4 28. Rb6+ e6 29. Bxd4+ Rxd4 30. Bxa6 Bxa6 31. Rxa6 Rd1+ 32. Kg2 g4 33. h3 h5 34. hxg4 hxg4 35. a4 Re1 36. e3 Ra1 37. a5 Ke5 38. Ra8 Ke4 39. a6 e5 40. a7 Ra2 41. Kg1 Ra1+ 42. Kg2 Ra2 43. Kg1 Ra1+ 44. Kg2 Ra2 1/2-1/2

[Event "VIE-chT"]
[Site "Ho Chi Minh City"]
[Date "2013.08.19"]
[Round "8"]
[White "Duong, The Anh"]
[Black "Ton That Nhu, Tung"]
[Result "1-0"]
[WhiteElo "2347"]
[BlackElo "2206"]
[PlyCount "45"]
[EventDate "2013.08.14"]
[EventType "team-swiss"]
[EventRounds "11"]
[EventCountry "VIE"]
[SourceTitle "CBM 156 Extra"]
[Source "ChessBase"]
[SourceDate "2013.10.22"]
[SourceVersion "1"]
[SourceVersionDate "2013.10.22"]
[SourceQuality "1"]

1. d4 d5 2. Nf3 Nf6 3. c4 c6 4. e3 Bf5 5. Nc3 a6 6. Qb3 b5 7. cxb5 cxb5 8. a4 b4 9. Qxb4 Nc6 10. Qc5 Na5 11. Qa3 e6 12. b4 Nc6 13. Na2 Qb6 14. Bd2 Ne4 15. a5 Qb7 16. Qa4 Nxd2 17. Nxd2 e5 18. b5 axb5 19. Bxb5 Bd7 20. a6 Qb6 21. Nc3 Bb4 22. Nxd5 Qa5 23. Nxb4 1-0

[Event "VIE-chT"]
[Site "Ho Chi Minh City"]
[Date "2013.08.17"]
[Round "5"]
[White "Cao, Sang"]
[Black "Ton That Nhu, Tung"]
[Result "1-0"]
[WhiteElo "2477"]
[BlackElo "2206"]
[PlyCount "99"]
[EventDate "2013.08.14"]
[EventType "team-swiss"]
[EventRounds "11"]
[EventCountry "VIE"]
[SourceTitle "CBM 156 Extra"]
[Source "ChessBase"]
[SourceDate "2013.10.22"]
[SourceVersion "1"]
[SourceVersionDate "2013.10.22"]
[SourceQuality "1"]

1. Nf3 Nf6 2. c4 c6 3. e3 d5 4. d4 Bf5 5. Nc3 e6 6. cxd5 exd5 7. Bd3 Bxd3 8. Qxd3 Bb4 9. 0-0 0-0 10. Bd2 Nbd7 11. Na4 Bd6 12. b4 b5 13. Nc5 Nb6 14. Rfc1 Nc4 15. a4 a6 16. Bc3 Qc7 17. Ra2 Bxc5 18. dxc5 Ne4 19. Rca1 Rab8 20. axb5 axb5 21. Ra6 Rfc8 22. Be1 Nb2 23. Qc2 Na4 24. Nd4 Qb7 25. Ra5 Re8 26. f3 Nf6 27. Nf5 Qd7 28. Bf2 g6 29. Nd4 Qb7 30. Ne2 Qe7 31. Ra3 Rbc8 32. Bh4 Kg7 33. Qc1 Qe5 34. Nd4 Nd7 35. Ra6 Nb8 36. Bg3 Qxd4 37. exd4 Nxa6 38. Qd2 Re6 39. Re3 Rce8 40. Rxe6 Rxe6 41. Bd6 f6 42. g4 Re8 43. g5 f5 44. h4 Re6 45. Kf2 Kf7 46. Kg3 Kg7 47. h5 gxh5 48. Kf4 Re8 49. Kxf5 Nb8 50. Qh2 1-0

[Event "VIE-chT"]
[Site "Ho Chi Minh City"]
[Date "2013.08.15"]
[Round "3"]
[White "Pham, Chuong"]
[Black "Ton That Nhu, Tung"]
[Result "1/2-1/2"]
[WhiteElo "2361"]
[BlackElo "2206"]
[PlyCount "72"]
[EventDate "2013.08.14"]
[EventType "team-swiss"]
[EventRounds "11"]
[EventCountry "VIE"]
[SourceTitle "CBM 156 Extra"]
[Source "ChessBase"]
[SourceDate "2013.10.22"]
[SourceVersion "1"]
[SourceVersionDate "2013.10.22"]
[SourceQuality "1"]

1. d4 d5 2. c4 c6 3. Nc3 Nf6 4. cxd5 cxd5 5. Bf4 Nc6 6. e3 Bf5 7. Qb3 Na5 8. Qa4+ Bd7 9. Qc2 Rc8 10. Bd3 e6 11. Nf3 b5 12. a3 Nc4 13. 0-0 Be7 14. h3 0-0 15. Rfc1 a5 16. Qe2 Qb6 17. Ne5 Rfd8 18. Nxd7 Nxd7 19. b3 Nxa3 20. Nxb5 Nxb5 21. Bxb5 Nf6 22. Ba4 Ne4 23. Qb5 Qxb5 24. Bxb5 Nc3 25. Bd3 Bb4 26. Kf1 h6 27. f3 Rc6 28. Bg3 Rdc8 29. Be1 f5 30. Rc2 Kf7 31. Rac1 Ba3 32. Ra1 Bb4 33. Rac1 Ba3 34. Bb5 Rb6 35. Bd7 Rd8 36. Ra1 Bb4 1/2-1/2

[Event "VIE-ch"]
[Site "Ho Chi Minh City"]
[Date "2013.04.19"]
[Round "7"]
[White "Ton That Nhu, Tung"]
[Black "Bui, Trong Hao"]
[Result "1/2-1/2"]
[WhiteElo "2210"]
[BlackElo "2142"]
[PlyCount "100"]
[EventDate "2013.04.15"]
[EventType "swiss"]
[EventRounds "7"]
[EventCountry "VIE"]
[SourceTitle "CBM 154 Extra"]
[Source "ChessBase"]
[SourceDate "2013.06.25"]
[SourceVersion "2"]
[SourceVersionDate "2013.06.25"]
[SourceQuality "1"]

1. d4 d5 2. c4 c6 3. Nc3 Nf6 4. e3 e6 5. Nf3 Nbd7 6. Bd3 dxc4 7. Bxc4 b5 8. Bd3 a6 9. 0-0 c5 10. a4 b4 11. Ne4 Bb7 12. Neg5 h6 13. Nh3 Qc7 14. Qe2 Bd6 15. Bd2 cxd4 16. Rfc1 Qb8 17. Nxd4 Bxh2+ 18. Kh1 Bd6 19. Nc6 Bxc6 20. Rxc6 a5 21. Rac1 0-0 22. f4 e5 23. Bf5 Rd8 24. g4 exf4 25. exf4 Qb7 26. g5 hxg5 27. fxg5 Nc5 28. Qb5 Qxb5 29. axb5 Nfe4 30. Be1 g6 31. Bg4 Nd3 32. Rd1 Ne5 33. Nf2 Nxf2+ 34. Bxf2 Nxc6 35. bxc6 Bc7 36. Bd7 a4 37. Bd4 Ra5 38. Bf6 Rda8 39. Rd4 Be5 40. Rxb4 Bxf6 41. gxf6 Rc5 42. Rb7 Kh7 43. c7 Kh6 44. c8Q Raxc8 45. Bxc8 Rxc8 46. Rxf7 Rc1+ 47. Kg2 Rc2+ 48. Kg3 Rxb2 49. Ra7 Rb4 50. Ra8 Rb7 1/2-1/2

[Event "Ho Chi Minh City HD Bank op 3rd"]
[Site "Ho Chi Minh City"]
[Date "2013.03.23"]
[Round "7"]
[White "Ton That Nhu, Tung"]
[Black "Bui, Trong Hao"]
[Result "1/2-1/2"]
[WhiteElo "2216"]
[BlackElo "2108"]
[PlyCount "86"]
[EventDate "2013.03.19"]
[EventType "swiss"]
[EventRounds "9"]
[EventCountry "VIE"]
[SourceTitle "CBM 153 Extra"]
[Source "ChessBase"]
[SourceDate "2013.04.22"]
[SourceVersion "1"]
[SourceVersionDate "2013.04.22"]
[SourceQuality "1"]

1. d4 d5 2. c4 c6 3. Nc3 Nf6 4. e3 e6 5. Nf3 Nbd7 6. Bd3 dxc4 7. Bxc4 b5 8. Bd3 a6 9. e4 Bb7 10. 0-0 c5 11. Re1 cxd4 12. Nxd4 Bc5 13. Nb3 Qc7 14. a3 Rd8 15. Qe2 Bd6 16. h3 0-0 17. Bg5 Ne5 18. Bc2 Ng6 19. g3 h6 20. Bd2 Ne5 21. Rad1 Nc4 22. Bc1 e5 23. Nb1 Bc8 24. Kg2 Be7 25. Rh1 Rxd1 26. Rxd1 Rd8 27. Rxd8+ Qxd8 28. Bd3 Be6 29. g4 Nxa3 30. N1d2 Nc4 31. Nxc4 bxc4 32. Bxc4 Qc8 33. Nd2 Qc6 34. Bxe6 Qxc1 35. Bc4 Qxb2 36. Bxa6 Bb4 37. Nf3 Qxe2 38. Bxe2 Bc3 39. Bd3 Nd7 40. Bc4 Nc5 41. Bd5 Nd3 42. Bc4 Nf4+ 43. Kg3 Kf8 1/2-1/2

[Event "Ho Chi Minh City HD Bank op 3rd"]
[Site "Ho Chi Minh City"]
[Date "2013.03.21"]
[Round "5"]
[White "Ton That Nhu, Tung"]
[Black "Lu, Yijie"]
[Result "1/2-1/2"]
[WhiteElo "2216"]
[BlackElo "2400"]
[PlyCount "102"]
[EventDate "2013.03.19"]
[EventType "swiss"]
[EventRounds "9"]
[EventCountry "VIE"]
[SourceTitle "CBM 153 Extra"]
[Source "ChessBase"]
[SourceDate "2013.04.22"]
[SourceVersion "1"]
[SourceVersionDate "2013.04.22"]
[SourceQuality "1"]

1. d4 Nf6 2. c4 g6 3. g3 Bg7 4. Bg2 d6 5. Nc3 0-0 6. Nf3 Nc6 7. 0-0 Rb8 8. d5 Na5 9. Nd2 c6 10. b4 Nxc4 11. Nxc4 Nxd5 12. Nxd5 Bxa1 13. Bh6 Bg7 14. Bxg7 Kxg7 15. Nc3 Be6 16. Na5 Qb6 17. a3 f6 18. Qd3 Bf7 19. g4 Rfd8 20. Rd1 e5 21. Ne4 d5 22. Nc5 Qc7 23. Rc1 Qc8 24. g5 fxg5 25. Qc3 b6 26. Qxe5+ Kg8 27. Ne4 bxa5 28. Nf6+ Kg7 29. Nh5+ Kf8 30. Qg7+ Ke7 31. Qf6+ Kf8 32. Rxc6 Qxc6 33. Qxc6 gxh5 34. Qh6+ Ke8 35. Qxg5 axb4 36. axb4 Rxb4 37. Qe3+ Kd7 38. Qxa7+ Ke6 39. Qe3+ Kd6 40. Qh6+ Ke7 41. Qg5+ Ke8 42. f4 Rd6 43. Kf2 h6 44. Qe5+ Re6 45. Qc7 Reb6 46. Bf3 Kf8 47. Qe5 Re6 48. Qf5 Kg7 49. Bxh5 Rxf4+ 50. Qxf4 Rf6 51. Qxf6+ Kxf6 1/2-1/2

[Event "VIE-chT"]
[Site "Ho Chi Minh City"]
[Date "2012.09.26"]
[Round "8"]
[White "Tu, Hoang Thong"]
[Black "Ton That Nhu, Tung"]
[Result "1/2-1/2"]
[WhiteElo "2439"]
[BlackElo "2184"]
[PlyCount "37"]
[EventDate "2012.09.21"]
[EventType "team-tourn"]
[EventRounds "9"]
[EventCountry "VIE"]
[SourceTitle "CBM 150 Extra"]
[Source "ChessBase"]
[SourceDate "2012.10.19"]
[SourceVersion "1"]
[SourceVersionDate "2012.10.19"]
[SourceQuality "1"]

1. d4 d5 2. Nf3 Nf6 3. c4 c6 4. e3 Bf5 5. Nc3 e6 6. Bd3 Bg6 7. 0-0 Be7 8. b3 0-0 9. Bb2 Nbd7 10. Re1 Bh5 11. e4 dxe4 12. Nxe4 Nxe4 13. Bxe4 Nf6 14. Bc2 Bb4 15. Re3 Ng4 16. Re2 Nf6 17. Re3 Ng4 18. Re2 Nf6 19. Re3 1/2-1/2

[Event "VIE-chT"]
[Site "Ho Chi Minh City"]
[Date "2012.09.21"]
[Round "1"]
[White "Le, Minh Hoang"]
[Black "Ton That Nhu, Tung"]
[Result "0-1"]
[WhiteElo "1939"]
[BlackElo "2184"]
[PlyCount "110"]
[EventDate "2012.09.21"]
[EventType "team-tourn"]
[EventRounds "9"]
[EventCountry "VIE"]
[SourceTitle "CBM 150 Extra"]
[Source "ChessBase"]
[SourceDate "2012.10.19"]
[SourceVersion "1"]
[SourceVersionDate "2012.10.19"]
[SourceQuality "1"]

1. d4 Nf6 2. c4 e6 3. Nf3 b6 4. g3 Ba6 5. Qa4 Be7 6. Bg2 0-0 7. 0-0 c6 8. Bf4 Qc8 9. Nbd2 h6 10. Rac1 Qb7 11. Ne5 Rc8 12. Qc2 d6 13. Nd3 d5 14. e4 Nbd7 15. Rfe1 Bf8 16. e5 Ne8 17. Qd1 Nc7 18. Qg4 Kh7 19. b3 g6 20. Qh4 Ne8 21. g4 Qc7 22. Bxh6 Bxh6 23. g5 Ng7 24. Qxh6+ Kg8 25. Nb4 Qb7 26. Bh3 Rd8 27. Re3 c5 28. dxc5 bxc5 29. Nxa6 d4 30. Bg2 Qxa6 31. Rh3 Nh5 32. Bxa8 Rxa8 33. Ne4 Qc8 34. Rxh5 gxh5 35. Nf6+ Nxf6 36. gxf6 Qf8 37. Qg5+ Kh7 38. Qxh5+ Qh6 39. Qxf7+ Kh8 40. Qg7+ Qxg7+ 41. fxg7+ Kxg7 42. f4 Kg6 43. Kg2 Kf5 44. Kf3 Rg8 45. Rf1 a5 46. h3 Rh8 47. Kg3 Ke4 48. Re1+ Kd3 49. f5 Kd2 50. Rf1 Rg8+ 51. Kf3 exf5 52. e6 Re8 53. Kf4 Rxe6 54. Kxf5 Re1 55. Rf4 Kc3 0-1

[Event "Asian Continental op 11th"]
[Site "Ho Chi Minh City"]
[Date "2012.05.12"]
[Round "8"]
[White "Laylo, Darwin"]
[Black "Ton That Nhu, Tung"]
[Result "0-1"]
[WhiteElo "2502"]
[BlackElo "2144"]
[PlyCount "78"]
[EventDate "2012.05.05"]
[EventType "swiss"]
[EventRounds "9"]
[EventCountry "VIE"]
[SourceTitle "CBM 148 Extra"]
[Source "ChessBase"]
[SourceDate "2012.06.22"]
[SourceVersion "1"]
[SourceVersionDate "2012.06.22"]
[SourceQuality "1"]

1. d4 d5 2. Nf3 Nf6 3. c4 c6 4. e3 Bf5 5. Nc3 e6 6. Nh4 Bg6 7. Be2 Nbd7 8. 0-0 Bd6 9. g3 Qe7 10. Qb3 Rb8 11. Rd1 a6 12. Nxg6 hxg6 13. a4 Ne4 14. Nxe4 dxe4 15. Qc2 f5 16. f4 g5 17. Rf1 Qf6 18. Qd2 Ke7 19. b4 Rh3 20. Rf2 Rbh8 21. Bf1 R3h7 22. Ba3 Qg6 23. b5 gxf4 24. Bxd6+ Kxd6 25. exf4 Qxg3+ 26. Rg2 Qb3 27. Rc1 Nf6 28. Be2 Ke7 29. d5 c5 30. Rd1 exd5 31. cxd5 Rd8 32. d6+ Kf8 33. bxa6 bxa6 34. Qa5 Qe3+ 35. Kh1 Rd7 36. Qxa6 g6 37. Qc4 Ne8 38. Rxg6 Rxh2+ 39. Kxh2 Qf2+ 0-1